| 000 | 00448nam a2200205Ia 4500 | ||
|---|---|---|---|
| 001 | 12815 | ||
| 003 | GE_BSU | ||
| 008 | 181216s||||||||xx |||||||||||||| ||und|| | ||
| 020 | _a139780007201754 | ||
| 040 | _cGE_BSU | ||
| 080 | _a821.111-312.4 | ||
| 100 | _aIggulden,Conn. | ||
| 245 | _aWolf of the plains. | ||
| 260 | _aLondon. | ||
| 260 | _bHarper. | ||
| 260 | _c2007 | ||
| 300 | _a578p;18cm. | ||
| 653 | _aWolf of the plains. | ||
| 942 | _cBK | ||
| 999 |
_c45986 _d45986 |
||